000 00529nam a22001817a 4500
003 OSt
005 20140310182031.0
008 130814t xxu||||| |||| 00| 0 eng d
020 _a0449210413
050 _aBF 1091
_b.M875 1985
082 _aHS
_b154.63 M83 1985
100 _aMorris, Jill
_910292
245 _aThe Dream workbook :
_bdiscover the knowledge and power hidden in your dreams /
_cJill Morris.
260 _aN.Y :
_bBallantine Books,
_cc1985.
300 2 _a273 p. :
_c17 cm.
942 _2lcc
_cHS
999 _c8580
_d8580